[Event "DEN-chT 2324 61st"]
[Site "Denmark"]
[Date "2024.03.03"]
[Round "7.2"]
[White "Vasli, Aref"]
[Black "Ahlander, Bjorn"]
[Result "1/2-1/2"]
[WhiteElo "2392"]
[BlackElo "2400"]
[PlyCount "142"]
[EventDate "2023.10.28"]
[EventType "team-tourn"]
[EventRounds "9"]
[EventCountry "DEN"]
[SourceTitle "CB11_2024"]
[SourceDate "2024.03.13"]
[SourceVersion "1"]
[SourceVersionDate "2024.03.13"]
[SourceQuality "1"]
[WhiteTeam "Bronshoj"]
[BlackTeam "Koge"]
[WhiteTeamCountry "DEN"]
[BlackTeamCountry "DEN"]

1. e4 c5 2. Nf3 e6 3. d4 cxd4 4. Nxd4 Nc6 5. Nc3 Qc7 6. g3 a6 7. Bg2 Nf6 8. 0-0 Nxd4 9. Qxd4 Bc5 10. Bf4 d6 11. Qd2 h6 12. Rad1 e5 13. Be3 Bxe3 14. fxe3 Be6 15. Qxd6 Rc8 16. Rf2 Qxd6 17. Rxd6 Nd7 18. Nd5 a5 19. Nc3 Ke7 20. Rfd2 Rxc3 21. bxc3 Rc8 22. Bf1 Rxc3 23. R6d3 Rc7 24. Ra3 b6 25. c4 Nc5 26. Rb2 Rc6 27. Be2 Rd6 28. Kf1 Kd7 29. Ke1 Kc7 30. Rb5 Rc6 31. Bf1 f6 32. Rb2 Nb7 33. Rab3 Nc5 34. Rb5 Bd7 35. Rd2 Nxe4 36. Rdb2 Nc5 37. Bg2 Nd3+ 38. Ke2 Rd6 39. Rc2 Bxb5 40. cxb5+ Nc5 41. Bc6 Kd8 42. h4 f5 43. Rc1 Ke7 44. Rf1 Rf6 45. Rd1 h5 46. Rd5 Re6 47. Kf3 g6 48. Ke2 e4 49. Kd2 Rd6 50. Rxd6 Kxd6 51. Be8 Ne6 52. Bxg6 Ng7 53. Kc3 Kc5 54. a4 Kd5 55. Bf7+ Ke5 56. Kc4 Kf6 57. Kd5 Kxf7 58. Kc6 f4 59. gxf4 Nf5 60. Kxb6 Nxe3 61. Kc5 Nc2 62. b6 e3 63. b7 Nb4 64. Kb5 e2 65. b8Q e1Q 66. Qc7+ Kg8 67. Qxa5 Qe2+ 68. Kxb4 Qd2+ 69. Kb5 Qd5+ 70. Kb6 Qd8+ 71. Ka6 Qa8+ 1/2-1/2

[Event "SWE-chT 2223 Elite"]
[Site "Sweden"]
[Date "2023.01.21"]
[Round "4.2"]
[White "Ahlander, Bjorn"]
[Black "Malesevic, Nedeljko"]
[Result "1-0"]
[WhiteElo "2406"]
[BlackElo "2213"]
[PlyCount "61"]
[EventDate "2022.10.14"]
[EventType "team-tourn"]
[EventRounds "9"]
[EventCountry "SWE"]
[SourceTitle "CBM 213 Extra"]
[Source "ChessBase"]
[SourceDate "2023.05.31"]
[SourceVersion "1"]
[SourceVersionDate "2023.05.31"]
[SourceQuality "1"]
[WhiteTeam "Lunds"]
[BlackTeam "Eksjo"]
[WhiteTeamCountry "SWE"]
[BlackTeamCountry "SWE"]

1. e4 c6 2. d4 d5 3. e5 c5 4. dxc5 e6 5. Nf3 Bxc5 6. Bd3 Nc6 7. a3 a6 8. 0-0 Nge7 9. Nbd2 b5 10. Nb3 Ba7 11. Re1 Ng6 12. Be3 Qc7 13. Bxa7 Rxa7 14. Qe2 Na5 15. Nxa5 Qxa5 16. Qe3 Rb7 17. h4 Qb6 18. Qg5 Qd8 19. Qg3 Kf8 20. Ng5 Ke8 21. a4 Nf8 22. axb5 axb5 23. Ra8 h6 24. Nf3 Nd7 25. Qxg7 Ke7 26. Nd4 Rb6 27. Bxb5 Rg8 28. Qxh6 Rg6 29. Qe3 Qc7 30. Qa3+ Qc5 31. Rxc8 1-0

[Event "DEN-chT 2223 60th"]
[Site "Denmark"]
[Date "2022.11.20"]
[Round "3.5"]
[White "Palm, Nikolaj"]
[Black "Ahlander, Bjorn"]
[Result "0-1"]
[WhiteElo "2308"]
[BlackElo "2406"]
[PlyCount "98"]
[EventDate "2022.10.29"]
[EventType "team-tourn"]
[EventRounds "9"]
[EventCountry "DEN"]
[SourceTitle "EXT 2024"]
[Source "ChessBase"]
[SourceDate "2023.10.10"]
[SourceVersion "1"]
[SourceVersionDate "2023.10.10"]
[SourceQuality "1"]
[WhiteTeam "Bronshoj"]
[BlackTeam "Koge Xtracon"]
[WhiteTeamCountry "DEN"]
[BlackTeamCountry "DEN"]

1. d4 c5 2. e3 d5 3. Nf3 Nc6 4. Be2 Nf6 5. 0-0 cxd4 6. exd4 Bg4 7. c3 e6 8. Bf4 Bd6 9. Bxd6 Qxd6 10. Nbd2 0-0 11. Ne5 Bf5 12. f4 h6 13. Bf3 Nd7 14. Qe2 f6 15. Nxd7 Qxd7 16. Rae1 Rae8 17. Bg4 Ne7 18. Bh5 g6 19. Bf3 Nc8 20. Nb3 h5 21. Qf2 Nd6 22. h3 b6 23. Nd2 Qh7 24. Re3 h4 25. Rfe1 Qh6 26. Bg4 Be4 27. c4 f5 28. Be2 Rc8 29. c5 Ne8 30. b4 Rc7 31. Rc3 Rg7 32. Nf3 Qxf4 33. Nxh4 Qc7 34. Nf3 bxc5 35. Rxc5 Qe7 36. h4 Nd6 37. Ng5 Nf7 38. Qf4 e5 39. dxe5 Nxe5 40. Rec1 Nf7 41. Bd1 Nxg5 42. hxg5 Qb7 43. Bb3 Rd8 44. a3 Qb6 45. Kh2 Rh7+ 46. Kg3 Qa6 47. Qe3 f4+ 48. Qxf4 Qd3+ 49. Kf2 Rf7 0-1

[Event "ISL-chT Kvika 2223"]
[Site "Reykjavik"]
[Date "2022.10.14"]
[Round "2.1"]
[White "Ahlander, Bjorn"]
[Black "Jensson, Einar Hjalti"]
[Result "1/2-1/2"]
[WhiteElo "2406"]
[BlackElo "2331"]
[PlyCount "104"]
[EventDate "2022.10.13"]
[EventType "team-tourn"]
[EventRounds "10"]
[EventCountry "ISL"]
[SourceTitle "CBM 213 Extra"]
[Source "ChessBase"]
[SourceDate "2023.05.31"]
[SourceVersion "1"]
[SourceVersionDate "2023.05.31"]
[SourceQuality "1"]
[WhiteTeam "Skakdeild KR"]
[BlackTeam "Breidjblik Skakdeild"]
[WhiteTeamCountry "ISL"]
[BlackTeamCountry "ISL"]

1. d4 d5 2. c4 c6 3. Nf3 e6 4. Qc2 Nf6 5. g3 b6 6. Bg2 Bb7 7. 0-0 Nbd7 8. Rd1 Rc8 9. Bg5 h6 10. Bxf6 Nxf6 11. Ne5 Bd6 12. Nc3 0-0 13. f4 Qe7 14. e3 c5 15. cxd5 cxd4 16. exd4 Bxd5 17. Nxd5 Rxc2 18. Nxe7+ Bxe7 19. Nc6 Re8 20. Rab1 Nd5 21. Rdc1 Rd2 22. Rd1 Rc2 23. Rdc1 Rd2 24. Rd1 Rc2 25. Rbc1 Rxc1 26. Rxc1 Bf6 27. Kf2 Ne7 28. Nxe7+ Rxe7 29. Ke3 g6 30. Bc6 Rc7 31. b4 b5 32. Ke4 Kf8 33. d5 Ke7 34. Rd1 exd5+ 35. Kxd5 Bc3 36. Kc5 Bxb4+ 37. Kxb5 Bd6 38. a4 g5 39. fxg5 hxg5 40. a5 f5 41. a6 Ke6 42. Re1+ Be5 43. Kc5 g4 44. Re2 Rc8 45. Rd2 f4 46. gxf4 Bxf4 47. Re2+ Kf6 48. Kd5 Rd8+ 49. Ke4 Rd2 50. Rxd2 Bxd2 51. Bd7 Kg5 52. h3 gxh3 1/2-1/2

[Event "Copenhagen CC IM"]
[Site "Ballerup"]
[Date "2022.05.29"]
[Round "8"]
[White "Rostgaard, Tobias Valentin"]
[Black "Ahlander, Bjorn"]
[Result "1/2-1/2"]
[WhiteElo "2339"]
[BlackElo "2375"]
[PlyCount "89"]
[EventDate "2022.05.25"]
[EventType "tourn"]
[EventRounds "9"]
[EventCountry "DEN"]
[EventCategory "2"]
[SourceTitle "CBM 208 Extra"]
[Source "ChessBase"]
[SourceDate "2022.07.31"]
[SourceVersion "1"]
[SourceVersionDate "2022.07.31"]
[SourceQuality "1"]

1. e4 c5 2. Nf3 d6 3. Bb5+ Nd7 4. 0-0 a6 5. Bd3 Ngf6 6. Re1 e5 7. a4 g6 8. Bc4 Bh6 9. d3 Bxc1 10. Qxc1 0-0 11. Qh6 Ng4 12. Qd2 Kg7 13. c3 Nb6 14. Bb3 Be6 15. Bxe6 fxe6 16. Qe2 Nd7 17. Nbd2 Qe7 18. b4 cxb4 19. cxb4 a5 20. bxa5 Rxa5 21. Nc4 Ra6 22. h3 Ngf6 23. Reb1 Nc5 24. a5 Nh5 25. g3 Nf6 26. Rb2 Nfd7 27. Rab1 Kg8 28. Kg2 Kg7 29. h4 Kg8 30. d4 exd4 31. Nxd4 e5 32. Nb5 Nf6 33. f3 d5 34. exd5 Nxd5 35. Qxe5 Qf7 36. Nbd6 Qxf3+ 37. Kh2 Nd3 38. Qe6+ Kh8 39. Ne5 Nxe5 40. Qxe5+ Nf6 41. Rd2 Kg8 42. Qe6+ Kh8 43. Qe5 Kg8 44. Qe6+ Kh8 45. Qe5 1/2-1/2

[Event "Copenhagen CC IM"]
[Site "Ballerup"]
[Date "2022.05.28"]
[Round "7"]
[White "Liu, Casper Yukun"]
[Black "Ahlander, Bjorn"]
[Result "0-1"]
[WhiteElo "2218"]
[BlackElo "2375"]
[PlyCount "62"]
[EventDate "2022.05.25"]
[EventType "tourn"]
[EventRounds "9"]
[EventCountry "DEN"]
[EventCategory "2"]
[SourceTitle "CBM 208 Extra"]
[Source "ChessBase"]
[SourceDate "2022.07.31"]
[SourceVersion "1"]
[SourceVersionDate "2022.07.31"]
[SourceQuality "1"]

1. d4 Nf6 2. c4 e6 3. g3 d5 4. Bg2 dxc4 5. Nf3 Nc6 6. Qa4 Bb4+ 7. Bd2 Nd5 8. Bxb4 Ndxb4 9. 0-0 Rb8 10. Ne5 Qxd4 11. Nxc6 Nxc6 12. Na3 Bd7 13. Rfd1 Qc5 14. Nxc4 Nd4 15. Nd6+ Qxd6 16. Qxa7 c5 17. e3 Nb5 18. Qa4 Qc7 19. Rac1 Nc3 20. Rxd7 Qxd7 21. Qxd7+ Kxd7 22. Rxc3 b5 23. Rxc5 Rhc8 24. Rxc8 Rxc8 25. Bf1 Rc1 26. Kg2 Kc6 27. Bd3 h6 28. Bh7 Ra1 29. a3 Ra2 30. Bg8 Rxb2 31. Bxf7 Kd7 0-1

[Event "Copenhagen CC IM"]
[Site "Ballerup"]
[Date "2022.05.27"]
[Round "4"]
[White "Ahlander, Bjorn"]
[Black "Sahl, Bjarke"]
[Result "1-0"]
[WhiteElo "2375"]
[BlackElo "2312"]
[PlyCount "79"]
[EventDate "2022.05.25"]
[EventType "tourn"]
[EventRounds "9"]
[EventCountry "DEN"]
[EventCategory "2"]
[SourceTitle "CBM 208 Extra"]
[Source "ChessBase"]
[SourceDate "2022.07.31"]
[SourceVersion "1"]
[SourceVersionDate "2022.07.31"]
[SourceQuality "1"]

1. d4 Nf6 2. c4 e6 3. Nc3 d5 4. Nf3 Be7 5. Bg5 Nbd7 6. e3 a6 7. cxd5 exd5 8. Bd3 Nf8 9. Ne5 Ne6 10. Bh4 c6 11. 0-0 g6 12. f3 Nd7 13. Bxe7 Qxe7 14. f4 f5 15. Nf3 0-0 16. Kh1 Nc7 17. Qd2 Ne8 18. Ne5 Ndf6 19. Qf2 Nd6 20. h3 Be6 21. Rg1 Rae8 22. g4 Nde4 23. Bxe4 dxe4 24. Rac1 Nd7 25. Nxd7 Qxd7 26. g5 Kf7 27. Kg2 Rh8 28. h4 h6 29. Rh1 Qd8 30. b4 Rh7 31. Qb2 hxg5 32. hxg5 Reh8 33. Qa1 Rh4 34. d5 cxd5 35. Ne2 Rxh1 36. Rxh1 Rxh1 37. Kxh1 d4 38. Nxd4 Qh8+ 39. Kg2 Bc4 40. Qc3 1-0

[Event "Copenhagen CC IM"]
[Site "Ballerup"]
[Date "2022.05.27"]
[Round "5"]
[White "Kenneskog, Theodor"]
[Black "Ahlander, Bjorn"]
[Result "1/2-1/2"]
[WhiteElo "2296"]
[BlackElo "2375"]
[PlyCount "76"]
[EventDate "2022.05.25"]
[EventType "tourn"]
[EventRounds "9"]
[EventCountry "DEN"]
[EventCategory "2"]
[SourceTitle "CBM 208 Extra"]
[Source "ChessBase"]
[SourceDate "2022.07.31"]
[SourceVersion "1"]
[SourceVersionDate "2022.07.31"]
[SourceQuality "1"]

1. e4 c5 2. Nf3 d6 3. d4 cxd4 4. Nxd4 Nf6 5. Nc3 a6 6. f3 e5 7. Nb3 Be6 8. Be3 h5 9. Qd2 Nbd7 10. Nd5 Bxd5 11. exd5 g6 12. 0-0-0 Nb6 13. Kb1 Nbxd5 14. Bg5 Be7 15. c4 Nb6 16. Bxf6 Bxf6 17. Qxd6 Be7 18. Qxd8+ Rxd8 19. Rxd8+ Kxd8 20. c5 Na4 21. Bc4 Nxc5 22. Nxc5 Bxc5 23. Bxf7 Ke7 24. Bd5 Rd8 25. Rd1 g5 26. Bb3 Rxd1+ 27. Bxd1 Kf6 28. Kc2 Bg1 29. h3 h4 30. Kd3 Kf5 31. Ke2 Bd4 32. b3 a5 33. a4 b6 34. Bc2+ Kf4 35. Be4 Kg3 36. Kf1 Kf4 37. Ke2 Kg3 38. Kf1 Kf4 1/2-1/2

[Event "SWE-chT 2122 Elite"]
[Site "Sweden"]
[Date "2022.05.15"]
[Round "9.4"]
[White "Ertan, Can"]
[Black "Ahlander, Bjorn"]
[Result "0-1"]
[WhiteElo "2382"]
[BlackElo "2354"]
[PlyCount "50"]
[EventDate "2021.12.03"]
[EventType "team-tourn"]
[EventRounds "9"]
[EventCountry "SWE"]
[SourceTitle "EXT 2023"]
[Source "ChessBase"]
[SourceDate "2022.10.05"]
[SourceVersion "1"]
[SourceVersionDate "2022.10.05"]
[SourceQuality "1"]
[WhiteTeam "Stockholm CC"]
[BlackTeam "Lunds"]
[WhiteTeamCountry "SWE"]
[BlackTeamCountry "SWE"]

1. e4 c5 2. Nf3 d6 3. d4 cxd4 4. Nxd4 Nf6 5. Nc3 a6 6. h3 e5 7. Nde2 h5 8. g3 Be6 9. Bg2 Be7 10. a4 Nbd7 11. 0-0 Rc8 12. a5 b5 13. axb6 Qxb6 14. b3 0-0 15. Be3 Qb7 16. f4 Nc5 17. Kh1 Ncxe4 18. fxe5 Bxh3 19. Bf3 Bxf1 20. exf6 Nf2+ 21. Kg1 Qxf3 22. Qxf1 Bxf6 23. Bd2 Bxc3 24. Bxc3 Rxc3 25. Nxc3 Qxg3+ 0-1

[Event "ISL-chT2 2122"]
[Site "Reykjavik"]
[Date "2022.03.05"]
[Round "6.1"]
[White "Birkisson, Bardur Orn"]
[Black "Ahlander, Bjorn"]
[Result "0-1"]
[WhiteElo "2160"]
[BlackElo "2351"]
[PlyCount "56"]
[EventDate "2021.10.01"]
[EventType "team-tourn"]
[EventRounds "7"]
[EventCountry "ISL"]
[SourceTitle "EXT 2024"]
[Source "ChessBase"]
[SourceDate "2023.10.10"]
[SourceVersion "1"]
[SourceVersionDate "2023.10.10"]
[SourceQuality "1"]
[WhiteTeam "Reykjavik TR II"]
[BlackTeam "Reykjavik KR"]
[WhiteTeamCountry "ISL"]
[BlackTeamCountry "ISL"]

1. c4 e6 2. g3 d5 3. Nf3 Nf6 4. Bg2 Be7 5. 0-0 0-0 6. b3 c5 7. Bb2 Nc6 8. e3 b6 9. Nc3 Bb7 10. cxd5 Nxd5 11. Nxd5 Qxd5 12. Nd4 Qd6 13. Nxc6 Bxc6 14. Qg4 g6 15. Bxc6 Qxc6 16. Qc4 Rfd8 17. Qc3 f6 18. d4 Rac8 19. dxc5 Qf3 20. Qc4 Kf7 21. Qa6 bxc5 22. Qxa7 h5 23. h4 g5 24. hxg5 fxg5 25. Qa4 h4 26. gxh4 c4 27. Be5 gxh4 28. Kh2 Rd2 0-1

[Event "ISL-chT2 2122"]
[Site "Reykjavik"]
[Date "2022.03.05"]
[Round "5.4"]
[White "Thorfinnsson, Bragi"]
[Black "Ahlander, Bjorn"]
[Result "1/2-1/2"]
[WhiteElo "2427"]
[BlackElo "2351"]
[PlyCount "59"]
[EventDate "2021.10.01"]
[EventType "team-tourn"]
[EventRounds "7"]
[EventCountry "ISL"]
[SourceTitle "EXT 2024"]
[Source "ChessBase"]
[SourceDate "2023.10.10"]
[SourceVersion "1"]
[SourceVersionDate "2023.10.10"]
[SourceQuality "1"]
[WhiteTeam "Selfoss"]
[BlackTeam "Reykjavik KR"]
[WhiteTeamCountry "ISL"]
[BlackTeamCountry "ISL"]

1. d4 Nf6 2. Bg5 d5 3. Bxf6 exf6 4. e3 Bd6 5. g3 c6 6. Nd2 0-0 7. Bg2 Be6 8. Ne2 Nd7 9. 0-0 f5 10. Nf4 Nf6 11. Rc1 Ne4 12. f3 Nxd2 13. Qxd2 Bxf4 14. gxf4 Kh8 15. Kh1 Rg8 16. Rg1 Qh4 17. Bf1 g5 18. Bd3 h6 19. c3 Rg6 20. Rg3 Rag8 21. Rcg1 g4 22. fxg4 Rxg4 23. Qf2 Rxg3 24. Rxg3 Rxg3 25. Qxg3 Qh5 26. Qe1 Qf3+ 27. Kg1 Qg4+ 28. Kh1 Qf3+ 29. Kg1 Qg4+ 30. Kh1 1/2-1/2

[Event "SWE-chT Group 4 Qualifier"]
[Site "Lund"]
[Date "2021.10.03"]
[Round "3.8"]
[White "Johansson, Eva"]
[Black "Ahlander, Bjorn"]
[Result "0-1"]
[WhiteElo "1840"]
[BlackElo "2363"]
[PlyCount "79"]
[EventDate "2021.10.01"]
[EventType "team-tourn"]
[EventRounds "3"]
[EventCountry "SWE"]
[SourceTitle "CBM 204 Extra"]
[Source "ChessBase"]
[SourceDate "2021.11.30"]
[SourceVersion "1"]
[SourceVersionDate "2021.11.30"]
[SourceQuality "1"]
[WhiteTeam "Pelaro Alingaas"]
[BlackTeam "Lunds"]
[WhiteTeamCountry "SWE"]
[BlackTeamCountry "SWE"]

1. d4 c5 2. c4 cxd4 3. Nf3 e5 4. e3 dxe3 5. Bxe3 Nc6 6. Be2 Nf6 7. 0-0 Be7 8. Nc3 d6 9. Qc2 0-0 10. Rfd1 Bg4 11. Rd2 Qc8 12. Rad1 h6 13. Qc1 Bf5 14. h3 Ne4 15. Nxe4 Bxe4 16. Nh2 Qe6 17. b3 Rad8 18. f3 Bf5 19. Nf1 Qg6 20. Kh2 Be6 21. Bd3 f5 22. Bb1 a6 23. Ng3 Bg5 24. Bxg5 Qxg5 25. Ne2 Qe7 26. Qc3 Rd7 27. a3 Rfd8 28. Ba2 d5 29. c5 d4 30. Qc1 e4 31. Nf4 Bf7 32. fxe4 fxe4 33. b4 Qe5 34. g3 g5 35. Bxf7+ Rxf7 36. Nh5 Qd5 37. Rf1 Rdf8 38. Rxf7 Rxf7 39. Qe1 Ne5 40. Qd1 0-1

[Event "EU-Cup 36th"]
[Site "Struga"]
[Date "2021.09.19"]
[Round "2.10"]
[White "Delchev, Aleksander"]
[Black "Ahlander, Bjorn"]
[Result "1-0"]
[WhiteElo "2500"]
[BlackElo "2383"]
[PlyCount "141"]
[EventDate "2021.09.18"]
[EventType "team-swiss"]
[EventRounds "7"]
[EventCountry "MKD"]
[SourceTitle "CBM 204 Extra"]
[Source "ChessBase"]
[SourceDate "2021.11.30"]
[SourceVersion "1"]
[SourceVersionDate "2021.11.30"]
[SourceQuality "1"]
[WhiteTeam "Asnieres"]
[BlackTeam "Lunds"]
[WhiteTeamCountry "FRA"]
[BlackTeamCountry "SWE"]

1. d4 Nf6 2. c4 e6 3. Nf3 Bb4+ 4. Bd2 a5 5. g3 d6 6. Bg2 Nbd7 7. 0-0 e5 8. e3 Bxd2 9. Nfxd2 0-0 10. Nc3 c6 11. a3 exd4 12. exd4 Nb6 13. c5 dxc5 14. dxc5 Nbd5 15. Nxd5 cxd5 16. b4 Bg4 17. Nf3 Re8 18. Qd2 Qd7 19. Nd4 Bh3 20. f3 Bxg2 21. Kxg2 h6 22. Rae1 axb4 23. axb4 Nh7 24. Rxe8+ Rxe8 25. Re1 Ng5 26. Rxe8+ Qxe8 27. h4 Ne6 28. Nf5 h5 29. Nd6 Qe7 30. Kf2 d4 31. Qd3 g5 32. Qe4 Qf6 33. Qf5 Qe7 34. Qe4 Qf6 35. hxg5 Qxg5 36. f4 Qg4 37. f5 Qxe4 38. Nxe4 Nc7 39. Ke2 Nd5 40. Kd3 Nxb4+ 41. Kxd4 Kg7 42. Ke5 Nc6+ 43. Kf4 f6 44. Nd6 Na5 45. Ke4 Kf8 46. Kd5 Ke7 47. Nc8+ Kd7 48. Nb6+ Ke7 49. Nc8+ Kd7 50. Nd6 Ke7 51. Kd4 Kd7 52. Ne4 Ke7 53. Kc3 Kf7 54. Kb4 Nc6+ 55. Kb5 Nd4+ 56. Kb6 Kg7 57. Kxb7 Nxf5 58. c6 Ne7 59. c7 Kf7 60. Nc5 f5 61. Nd3 Ke6 62. Nf4+ Kd7 63. Nxh5 Kd6 64. c8Q Nxc8 65. Kxc8 Ke6 66. Kd8 Kf7 67. Kd7 Kg6 68. Nf4+ Kg5 69. Ke6 Kg4 70. Ne2 Kg5 71. Ke5 1-0

[Event "Aarhus Chess House Summer"]
[Site "Aarhus"]
[Date "2021.07.29"]
[Round "5"]
[White "Ahlander, Bjorn"]
[Black "Berg, Klaus"]
[Result "0-1"]
[WhiteElo "2408"]
[BlackElo "2285"]
[PlyCount "72"]
[EventDate "2021.07.26"]
[EventType "swiss"]
[EventRounds "9"]
[EventCountry "DEN"]
[SourceTitle "CBM 203 Extra"]
[Source "ChessBase"]
[SourceDate "2021.09.30"]
[SourceVersion "1"]
[SourceVersionDate "2021.09.30"]
[SourceQuality "1"]

1. d4 d5 2. c4 dxc4 3. Nf3 Nf6 4. e3 e6 5. Bxc4 c5 6. 0-0 a6 7. a4 Nc6 8. Qe2 Be7 9. Rd1 Qc7 10. Nc3 0-0 11. d5 exd5 12. Nxd5 Nxd5 13. Bxd5 Bf6 14. h3 Re8 15. e4 Be6 16. Qc4 Bxd5 17. Rxd5 b6 18. Ra3 Nb4 19. Rd1 Rad8 20. Re1 b5 21. axb5 axb5 22. Qe2 c4 23. Re3 Nd3 24. Rd1 Be7 25. Qc2 Bc5 26. Re2 Nb4 27. Rxd8 Rxd8 28. Qc3 Rd3 29. Qe1 Rxf3 30. gxf3 Qg3+ 31. Kh1 Qxh3+ 32. Kg1 Qg3+ 33. Kh1 Qxf3+ 34. Kg1 Nd3 35. Qd2 Qg3+ 36. Kh1 Bxf2 0-1

[Event "Aarhus Chess House Summer"]
[Site "Aarhus"]
[Date "2021.07.28"]
[Round "4"]
[White "Koellner, Ruben Gideon"]
[Black "Ahlander, Bjorn"]
[Result "1-0"]
[WhiteElo "2407"]
[BlackElo "2408"]
[PlyCount "79"]
[EventDate "2021.07.26"]
[EventType "swiss"]
[EventRounds "9"]
[EventCountry "DEN"]
[SourceTitle "CBM 203 Extra"]
[Source "ChessBase"]
[SourceDate "2021.09.30"]
[SourceVersion "1"]
[SourceVersionDate "2021.09.30"]
[SourceQuality "1"]

1. d4 Nf6 2. Bg5 d5 3. e3 c5 4. Bxf6 exf6 5. dxc5 Bxc5 6. c3 0-0 7. Nf3 f5 8. Be2 f4 9. exf4 Qb6 10. 0-0 Qxb2 11. Nbd2 Nc6 12. Nb3 Bb6 13. Rc1 Qxa2 14. Bd3 g6 15. f5 Bxf5 16. Bxf5 gxf5 17. Nh4 Qa4 18. Nxf5 Qf4 19. Qh5 f6 20. Nbd4 Rae8 21. g3 Qg5 22. Nh6+ Kh8 23. Nf7+ Rxf7 24. Qxf7 Rg8 25. Nxc6 bxc6 26. Rce1 Qg7 27. Re7 f5 28. Rfe1 Bc5 29. Qxg7+ Rxg7 30. Rxg7 Kxg7 31. Re6 d4 32. Rxc6 Bb6 33. c4 Kf7 34. c5 Ba5 35. Ra6 Bc3 36. Kf1 d3 37. Rxa7+ Ke6 38. Rxh7 Kd5 39. Rd7+ Ke4 40. c6 1-0